00826nam a22002651i 450000100060000001000150000609000100002110000410003110100080007210200070008020000600008721000270014721500270017422500230020130000500022460600290027467500120030370000440031570200290035980100120038899000110040099400090041199500700042099500700049012581 a9727102557 a12581 a20170304u u u0frey50 ba0 apor aPT1 fLuísa Ducla SoaresaSeis contos de Eça de Queirós cTerramaraLisboad2000 a79, [1] p.cil.d19 cm2 aContar/Recontarv4 aOferta do Dr. Hugo Corte-Real, Fevereiro 2008 9185aLiteratura infantil a8:087.5 92431aSoaresbLuísa Duclaf1939-4070 aNunobFonseca444092894 aPTgRPC cLIVROS aCOMP 0010917009bBMVAdBMVAf0018360k8 SOAo0rLIVROSu10-15 anos00 0010935431bBMVAdBMVAf0031368k8 SOAo0rLIVROSu10-15 anos00